| 000 | 01065nam a22003017a 4500 | ||
|---|---|---|---|
| 003 | EG-ScBUE | ||
| 005 | 20250202092656.0 | ||
| 008 | 210923s2018 ua o f 000 e ara d | ||
| 017 | _a2017/27784 | ||
| 020 | _a9789777951593 | ||
| 020 | _a9789772937424 | ||
| 040 |
_aEG-ScBUE _bara _erda _cEG-ScBUE _dEG-ScBUE |
||
| 082 | 0 | 4 |
_a892.746 _bم ج ي _222 |
| 100 | 1 |
_aعبد المجيد، إبراهيم عبد القوي، _eمؤلف. |
|
| 245 | 1 | 0 |
_aأنا والسينما / _cإبراهيم عبد المجيد. |
| 250 | _aالطبعة الثانية. | ||
| 264 | 1 |
_aالقاهرة : _bالدار المصرية اللبنانية، _c2018. |
|
| 300 |
_a316 صفحة : _bصور ؛ _c21 سم |
||
| 336 |
_2rdacontent _aنص _btxt |
||
| 337 |
_2rdamedia _aبدون وسيط _bn |
||
| 338 |
_2rdacarrier _aمجلد _bnc |
||
| 541 |
_cDonation ; _aIbrahim Abd-Elmagid. |
||
| 541 | _aBook Fair 2025. | ||
| 650 | 7 |
_aالسينما. _vمقالات محاضرات. _2BUEsh |
|
| 653 |
_aBUEsh _bARALIT _cSeptember2021 |
||
| 655 | 7 |
_2BUEsh _vReading book |
|
| 942 | _2ddc | ||
| 999 |
_c29461 _d29432 |
||